La demanda de dinero en los países en desarrollo: el caso de Nicaragua
সংরক্ষণ করুন:
| প্রধান লেখক: | |
|---|---|
| বিন্যাস: | পাঠ্য |
| প্রকাশিত: |
México, D.F.:
Centro de Estudios Monetarios Latinoamericanos
|
| ট্যাগগুলো: |
ট্যাগ যুক্ত করুন
কোনো ট্যাগ নেই, প্রথমজন হিসাবে ট্যাগ করুন!
|
MARC
| LEADER | 00000 a a2200000 04500 | ||
|---|---|---|---|
| 001 | 18877 | ||
| 003 | |||
| 040 | |||
| 090 | |a 015300 | ||
| 100 | |a Montealegre Rivas, Eduardo | ||
| 245 | |a La demanda de dinero en los países en desarrollo: el caso de Nicaragua | ||
| 260 | |a México, D.F.: |b Centro de Estudios Monetarios Latinoamericanos | ||
| 300 | |a 74 p. | ||
| 999 | |c 16369 |d 16369 | ||
